Nirvana Charting Songs (Billboard Hot 100) - Statistics

General Stats
  • This quiz has been taken 113 times
  • The average score is 4 of 5
Answer Stats
Album Weeks On Peak Artist(s) Song % Correct
Nevermind 20 Weeks #6 Nirvana Smells Like Teen Spirit
99%
Nevermind 9 Weeks #64 Nirvana Lithium
83%
Nevermind 18 Weeks #38 Nirvana Come As You Are
80%
Nevermind 1 Week #46 Nirvana Something In the Way
56%
Nirvana 20 Weeks #45 Nirvana You Know You're Right
44%
No matching quizzes found
Score Distribution
Percent of People with Each Score
Percentile by Number Answered
Your Score History
You have not taken this quiz